01243 a2200181 45000010006000000050017000060080041000230030015000640400040000790800041001192450045001602640042002053000025002475050735002720410008010071000016010157000030010316342520260407155932.0260407a1967 arg spa dAR-UNSa-BCEJYS aAR-UNSa-BCEJYSbspacAR-UNSa-BCEJYS a512.64xAlgebra lineal y multilineal10aÁlgebra lineal y programación lineal 1aBarcelona :bMontaner y Simónc1967 axiii, 271 p.c24 cm. a1. Conjuntos - 2. Correspondencia. Aplicación. Leyes de composición - 3. Espacios vectoriales - 4. Aplicaciones lineales. Noción de matriz - 5. Determinantes - 6. Ecuaciones lineales - 7. Matrices. Elementos de cálculo matricial - 8. Cambio de base. Matrices equivalentes, semejantes. Rango de una matriz - 9. Valores propios, vectores propios. Diagonalización de las matrices cuadradas - 10. Reducción de las matrices cuadradas - 11. Algunos resultados sobrelas formas cuadráticas - 12. Resolución de los sistemas de ecuacones lineales - 13. Programación lineal - 14. Método del simplex - 15. Dualidad - 16. Interpretación geométrica y económica de los programas lineales - 17. Problema de transporte -  aspa1 aAcher, Jean1 aLanuza Escobar, José A.